000 00960nam a22002417a 4500
999 _c16728
_d16728
003 AR-CdUCM
008 190312b ||||| |||| 00| 0 spa d
040 _aMUNICIPALIDAD PROVINCIAL DEL CUSCO
_cBIBLIOTECA MUNICIPAL DEL CUSCO
082 _a875.4 /
_bC61
100 _aCicerón
_917376
245 _aTratado de Los Deberes :
_bDialogo de la vejez y de la amistad las paradojas el sueño de escipión /
260 _aBuenos Aires :
_bLouis-Michaud,
300 _a287 páginas ;
_c18 cm
440 _aBiblioteca económica de clásicos universales
_936337
505 _aContenido: Cicerón -- Tratado de los Deberes -- Diálogo sobre ña vejez -- Diálogo sobre la amistad -- Las paradojas -- El sueño de Escipión.
650 _aDeberes
_916192
650 _aVejez
_916193
650 _aAmistad
_91042
650 _aFilosofía
_9395
700 _aValbuena, Manuel de (traducción corregida)
_916194
942 _2ddc
_cLIBROS
945 _arah
_d04/05/2019